[Event "Gordon Hoskyn Memorial 4th"]
[Site "Palmerston North"]
[Date "2011.12.10"]
[Round "1"]
[White "Ansell, Alan"]
[Black "Brockway, Andrew"]
[Result "1-0"]
[WhiteElo "2124"]
[BlackElo "1707"]
[PlyCount "47"]
[EventDate "2011.12.10"]
[EventType "swiss (rapid)"]
[EventRounds "6"]
[EventCountry "NZL"]
[SourceTitle "EXT 2018"]
[Source "ChessBase"]
[SourceDate "2017.10.13"]
[SourceVersion "1"]
[SourceVersionDate "2017.10.13"]
[SourceQuality "1"]

1. d4 Nf6 2. c4 e6 3. Nc3 Bb4 4. f3 b6 5. e4 Bb7 6. Bd3 d6 7. Qa4+ Qd7 8. Qxb4 Nc6 9. Qa4 Nxd4 10. Qxd7+ Nxd7 11. Be3 Nc6 12. Nge2 Nde5 13. 0-0-0 Nb4 14. Bc2 Nxc2 15. Kxc2 Nxc4 16. Bd4 f6 17. b3 Na5 18. Be3 Nc6 19. Nd4 Nb4+ 20. Kb2 Ke7 21. a3 Na6 22. Rhe1 Rhc8 23. f4 Nc5 24. Bg1 1-0

[Event "George Trundle Qualifier"]
[Site "Auckland"]
[Date "2011.07.22"]
[Round "7"]
[White "Gao, Hans"]
[Black "Ansell, Alan"]
[Result "0-1"]
[WhiteElo "2069"]
[BlackElo "1917"]
[PlyCount "82"]
[EventDate "2011.07.16"]
[EventType "tourn"]
[EventRounds "9"]
[EventCountry "NZL"]
[SourceTitle "EXT 2018"]
[Source "ChessBase"]
[SourceDate "2017.10.13"]
[SourceVersion "1"]
[SourceVersionDate "2017.10.13"]
[SourceQuality "1"]

1. e4 c6 2. d4 d5 3. exd5 cxd5 4. c4 Nf6 5. Nc3 e6 6. Nf3 Bb4 7. Bd3 dxc4 8. Bxc4 a6 9. 0-0 b5 10. Bd3 0-0 11. Qe2 Bb7 12. a4 bxa4 13. Rxa4 a5 14. Bg5 h6 15. Bh4 Nbd7 16. Raa1 Qb6 17. Rad1 Rac8 18. Ne5 Bxc3 19. bxc3 Rxc3 20. Nc4 Qc6 21. f3 Ra8 22. Be1 Nd5 23. Bxc3 Nxc3 24. Qd2 Nxd1 25. Nxa5 Qd5 26. Nxb7 Qxd4+ 27. Kh1 Nf2+ 28. Qxf2 Qxd3 29. Rc1 Qd5 30. Rb1 Ra2 31. Qf1 Ra7 32. Qc1 Kh7 33. Nd8 Ne5 34. Qc2+ f5 35. Rd1 Nd3 36. Kg1 Qd4+ 37. Kf1 Ra1 38. Rxa1 Qxa1+ 39. Ke2 Nf4+ 40. Ke3 Qe5+ 41. Kf2 Qd4+ 0-1

[Event "George Trundle Qualifier"]
[Site "Auckland"]
[Date "2011.07.18"]
[Round "3"]
[White "Ansell, Alan"]
[Black "Goodhue, Nathan"]
[Result "1-0"]
[WhiteElo "1982"]
[BlackElo "2069"]
[PlyCount "105"]
[EventDate "2011.07.16"]
[EventType "tourn"]
[EventRounds "9"]
[EventCountry "NZL"]
[SourceTitle "EXT 2018"]
[Source "ChessBase"]
[SourceDate "2017.10.13"]
[SourceVersion "1"]
[SourceVersionDate "2017.10.13"]
[SourceQuality "1"]

1. d4 b6 2. e4 d5 3. exd5 Qxd5 4. Nc3 Qe6+ 5. Be3 Bb7 6. d5 Qc8 7. Nf3 Nd7 8. Bc4 Ngf6 9. Qd2 a6 10. 0-0-0 b5 11. Bb3 c5 12. dxc6 Bxc6 13. Nd4 e6 14. Rhe1 Nc5 15. f4 Nxb3+ 16. axb3 Bb4 17. Nxc6 Qxc6 18. Bd4 0-0-0 19. Qf2 Kb7 20. h3 h5 21. Rd3 Rd7 22. Red1 Rhd8 23. Kb1 Rd6 24. Na2 Ba5 25. b4 Bb6 26. Bxb6 Rxd3 27. cxd3 Qxb6 28. Qf3+ Qc6 29. Qg3 Ne8 30. Rc1 Qd5 31. Rc3 Rc8 32. Nc1 g6 33. Nb3 Rxc3 34. Na5+ Kc7 35. bxc3 Nd6 36. Qe3 f6 37. g3 Nb7 38. Nxb7 Kxb7 39. Qe4 Qxe4 40. dxe4 h4 41. gxh4 f5 42. exf5 exf5 43. Kc2 Kc7 44. Kd2 Kd6 45. Ke3 Kd5 46. Kd3 Kc6 47. Kd4 Kd6 48. h5 gxh5 49. h4 Kc6 50. Ke5 Kb6 51. Kxf5 a5 52. bxa5+ Kxa5 53. Ke5 1-0

[Event "George Trundle Qualifier"]
[Site "Auckland"]
[Date "2011.07.16"]
[Round "1"]
[White "Ansell, Alan"]
[Black "Taylor, Richard"]
[Result "1-0"]
[WhiteElo "2069"]
[BlackElo "1896"]
[PlyCount "105"]
[EventDate "2011.07.16"]
[EventType "tourn"]
[EventRounds "9"]
[EventCountry "NZL"]
[SourceTitle "EXT 2018"]
[Source "ChessBase"]
[SourceDate "2017.10.13"]
[SourceVersion "1"]
[SourceVersionDate "2017.10.13"]
[SourceQuality "1"]

1. d4 Nf6 2. c4 e6 3. Nc3 Bb4 4. f3 d5 5. a3 Bxc3+ 6. bxc3 c5 7. cxd5 Nxd5 8. dxc5 f5 9. Nh3 Nc6 10. Nf4 0-0 11. Nxd5 exd5 12. Bf4 Be6 13. Bd6 Rf7 14. e3 Qg5 15. Qd2 Re8 16. h4 Qf6 17. Bb5 Bd7 18. Kf2 Qh6 19. g3 Be6 20. Rhe1 Rc8 21. Rab1 Qf6 22. Bxc6 Rxc6 23. Qd4 Qd8 24. Qe5 Qc8 25. Rb5 Ra6 26. Reb1 h6 27. R1b2 Kh7 28. Qd4 Qc6 29. a4 Bc8 30. R5b4 Rd7 31. Rd2 b6 32. f4 bxc5 33. Bxc5 Bb7 34. Rb5 Qg6 35. Rdb2 Bc6 36. R5b4 Qg4 37. Kg2 g5 38. hxg5 hxg5 39. Rb8 Rg7 40. Bf8 gxf4 41. Qxg7+ Qxg7 42. Bxg7 Kxg7 43. exf4 Rxa4 44. Kf2 Rc4 45. Ra2 Rxc3 46. Rxa7+ Kf6 47. Rh8 Rc2+ 48. Ke3 Kg6 49. Rd8 Rc3+ 50. Kd2 Rc4 51. Rd6+ Kh5 52. Rg7 d4 53. Rg5# 1-0

[Event "NZL-ch 118th"]
[Site "Auckland"]
[Date "2011.01.11"]
[Round "10"]
[White "Gao, Hans"]
[Black "Ansell, Alan"]
[Result "1/2-1/2"]
[WhiteElo "1859"]
[BlackElo "2001"]
[PlyCount "112"]
[EventDate "2011.01.02"]
[EventType "swiss"]
[EventRounds "11"]
[EventCountry "NZL"]
[SourceTitle "CBM 140 Extra"]
[Source "ChessBase"]
[SourceDate "2011.03.01"]
[SourceVersion "1"]
[SourceVersionDate "2011.03.01"]
[SourceQuality "1"]

1. e4 c6 2. d4 d5 3. exd5 cxd5 4. c4 Nf6 5. Nc3 e6 6. Nf3 Bb4 7. cxd5 Nxd5 8. Bd2 0-0 9. Bd3 Nc6 10. 0-0 Be7 11. a3 Bf6 12. Qe2 Nxd4 13. Nxd4 Bxd4 14. Bxh7+ Kxh7 15. Qe4+ Kg8 16. Qxd4 Ne7 17. Qf4 Ng6 18. Qe3 Bd7 19. Rfd1 Bc6 20. Ne4 Qd5 21. f3 Rfd8 22. Nf2 Ba4 23. Bc3 Bxd1 24. Rxd1 Qf5 25. Re1 Qb5 26. Qe4 Rd7 27. Qg4 Rad8 28. h4 Qf5 29. Qa4 b5 30. Qb4 a5 31. Qxa5 Nxh4 32. Qb4 Qg5 33. Ng4 Rd1 34. Rxd1 Rxd1+ 35. Kf2 Ng6 36. a4 bxa4 37. Qxa4 Qd8 38. Qe4 Qd5 39. Qa4 Qc5+ 40. Ne3 Rd8 41. Qe4 Ne7 42. Ke2 Nd5 43. Bd4 Qb5+ 44. Kf2 Nxe3 45. Qxe3 Qc4 46. Bc3 Rd5 47. Qc1 Qc5+ 48. Ke2 Re5+ 49. Kf1 Rh5 50. Qf4 Rh1+ 51. Ke2 Qg1 52. Qg4 g6 53. Kd3 Qf1+ 54. Ke3 Qc1+ 55. Kf2 Qc2+ 56. Kg3 Rh5 1/2-1/2

[Event "NZL-ch 118th"]
[Site "Auckland"]
[Date "2011.01.02"]
[Round "1"]
[White "Smith, Robert Wayne"]
[Black "Ansell, Alan"]
[Result "1-0"]
[WhiteElo "2287"]
[BlackElo "2001"]
[PlyCount "89"]
[EventDate "2011.01.02"]
[EventType "swiss"]
[EventRounds "11"]
[EventCountry "NZL"]
[SourceTitle "CBM 140 Extra"]
[Source "ChessBase"]
[SourceDate "2011.03.01"]
[SourceVersion "1"]
[SourceVersionDate "2011.03.01"]
[SourceQuality "1"]

1. e4 c6 2. d4 d5 3. exd5 cxd5 4. Bd3 Nc6 5. c3 g6 6. Nf3 Nh6 7. 0-0 Bf5 8. Re1 Bxd3 9. Qxd3 Nf5 10. Bf4 Bg7 11. Nbd2 0-0 12. Qb5 Qd7 13. Nb3 b6 14. a4 Rfd8 15. a5 Nxa5 16. Qxd7 Rxd7 17. Nxa5 bxa5 18. Rxa5 e6 19. Rea1 f6 20. g4 Nh6 21. Ra6 g5 22. Bg3 Re7 23. h3 Nf7 24. R1a5 h6 25. Ne1 Kh7 26. Nd3 h5 27. Nc5 e5 28. dxe5 fxe5 29. gxh5 d4 30. Ne4 dxc3 31. bxc3 Kh8 32. c4 Kg8 33. Kg2 Rc7 34. c5 Nd8 35. Rg6 Nc6 36. Ra4 Nd8 37. h6 Kh7 38. Rxg7+ Rxg7 39. hxg7 Kxg7 40. Bxe5+ Kg6 41. Bd4 Ne6 42. Ra6 Kf7 43. Be3 Nf4+ 44. Bxf4 gxf4 45. Kf3 1-0

[Event "George Trundle Qualifier"]
[Site "Auckland"]
[Date "2010.07.05"]
[Round "3"]
[White "Milligan, Helen"]
[Black "Ansell, Alan"]
[Result "1-0"]
[WhiteElo "2015"]
[BlackElo "1975"]
[PlyCount "87"]
[EventDate "2010.07.03"]
[EventType "tourn"]
[EventRounds "9"]
[EventCountry "NZL"]
[SourceTitle "EXT 2018"]
[Source "ChessBase"]
[SourceDate "2017.10.13"]
[SourceVersion "1"]
[SourceVersionDate "2017.10.13"]
[SourceQuality "1"]

1. e4 c6 2. d4 d5 3. Nc3 dxe4 4. Nxe4 Bf5 5. Ng3 Bg6 6. h4 h6 7. Nf3 Nd7 8. h5 Bh7 9. Bd3 Bxd3 10. Qxd3 Ngf6 11. Bd2 Qc7 12. 0-0-0 e6 13. Qe2 0-0-0 14. Ne5 Nxe5 15. dxe5 Nd5 16. f4 c5 17. c4 Ne7 18. Bc3 Nc6 19. Rxd8+ Qxd8 20. Rd1 Qc7 21. Ne4 Be7 22. Nd6+ Kb8 23. Qg4 Nb4 24. Kb1 Qc6 25. Bxb4 cxb4 26. Qxg7 Rd8 27. Qxf7 Bxd6 28. exd6 Qe4+ 29. Ka1 Qxc4 30. Qc7+ Qxc7 31. dxc7+ Kxc7 32. Rxd8 Kxd8 33. g4 Ke7 34. g5 hxg5 35. fxg5 e5 36. Kb1 Ke6 37. h6 Kf7 38. Kc2 a5 39. Kd3 b5 40. Ke4 Kg6 41. Kxe5 a4 42. b3 Kf7 43. Kd5 Kg6 44. Kc5 1-0

[Event "George Trundle Qualifier"]
[Site "Auckland"]
[Date "2010.07.03"]
[Round "1"]
[White "Bennett, Hilton Petrie"]
[Black "Ansell, Alan"]
[Result "1-0"]
[WhiteElo "1970"]
[BlackElo "1975"]
[PlyCount "81"]
[EventDate "2010.07.03"]
[EventType "tourn"]
[EventRounds "9"]
[EventCountry "NZL"]
[SourceTitle "EXT 2018"]
[Source "ChessBase"]
[SourceDate "2017.10.13"]
[SourceVersion "1"]
[SourceVersionDate "2017.10.13"]
[SourceQuality "1"]

1. e4 c6 2. Ne2 d5 3. e5 Bf5 4. Ng3 Bg6 5. h4 h6 6. h5 Bh7 7. e6 fxe6 8. d4 Qd6 9. f4 Nd7 10. Bd3 Bxd3 11. Qxd3 0-0-0 12. 0-0 Ngf6 13. b3 Nb6 14. Ba3 Qd7 15. c3 g5 16. hxg6 h5 17. Nd2 h4 18. Ne2 h3 19. gxh3 Ne4 20. Nxe4 dxe4 21. Qxe4 Rxh3 22. Kg2 Rh8 23. Rh1 Rg8 24. c4 Bg7 25. Rad1 Rdf8 26. Rd3 Rf6 27. Rg3 Qe8 28. Rh7 Nd7 29. Rh4 Nf8 30. Rhg4 Rh8 31. d5 Rh6 32. Bb2 exd5 33. cxd5 cxd5 34. Qxd5 Rd6 35. Qf5+ e6 36. Qc5+ Rc6 37. Qxa7 Bxb2 38. g7 Bxg7 39. Rxg7 Kd8 40. Qxb7 Rc2 41. Rd3+ 1-0

[Event "NZL-ch Major"]
[Site "Auckland"]
[Date "2010.01.11"]
[Round "10"]
[White "Ansell, Alan"]
[Black "Casilang, Arthur"]
[Result "1-0"]
[WhiteElo "1922"]
[BlackElo "1900"]
[PlyCount "81"]
[EventDate "2010.01.02"]
[EventType "swiss"]
[EventRounds "11"]
[EventCountry "NZL"]
[SourceTitle "CBM 134 Extra"]
[Source "ChessBase"]
[SourceDate "2010.03.03"]
[SourceVersion "1"]
[SourceVersionDate "2010.03.03"]
[SourceQuality "1"]

1. d4 Nf6 2. Nf3 g6 3. Nc3 d6 4. e4 Bg7 5. Be3 Nc6 6. Qd2 h6 7. h3 a6 8. Bd3 Bd7 9. 0-0 h5 10. d5 Ne5 11. Nxe5 dxe5 12. f4 exf4 13. Bxf4 c6 14. d6 0-0 15. e5 Nd5 16. Nxd5 cxd5 17. Qb4 exd6 18. exd6 Bc6 19. Rae1 a5 20. Qb3 Bd4+ 21. Kh1 Bc5 22. Bh6 Qh4 23. Bxf8 Rxf8 24. Bb5 Bxd6 25. Bxc6 bxc6 26. Qf3 Qd8 27. Qf6 Qd7 28. c4 Bb4 29. Rd1 Re8 30. cxd5 cxd5 31. a3 Bf8 32. Qc3 a4 33. Qa5 d4 34. Rc1 Re7 35. Rfd1 Bg7 36. Rc4 Re2 37. Rxa4 d3 38. Qa6 Be5 39. Re4 Bg3 40. Rxe2 dxe2 41. Qxe2 1-0

[Event "Wch U12"]
[Site "Kemer"]
[Date "2009.11.18"]
[Round "7"]
[White "Boruchovsky, Avital"]
[Black "Ansell, Alan"]
[Result "1/2-1/2"]
[WhiteElo "2139"]
[BlackElo "1990"]
[PlyCount "78"]
[EventDate "2009.11.12"]
[EventType "swiss"]
[EventRounds "11"]
[EventCountry "TUR"]
[SourceTitle "EXT 2010"]
[Source "ChessBase"]
[SourceDate "2010.11.25"]
[SourceVersion "1"]
[SourceVersionDate "2010.11.25"]
[SourceQuality "1"]

1. e4 c6 2. d4 d5 3. e5 Bf5 4. c3 e6 5. Be3 Nd7 6. Nd2 a6 7. f4 c5 8. Ngf3 Rc8 9. Be2 Ne7 10. 0-0 Nc6 11. Rc1 Be7 12. Bf2 0-0 13. c4 dxc4 14. Nxc4 b5 15. Ne3 Nxd4 16. Nxd4 cxd4 17. Nxf5 exf5 18. Qd3 Nc5 19. Qxd4 Ne4 20. Qxd8 Rfxd8 21. Bb6 Re8 22. a4 Rb8 23. a5 Rec8 24. Rfd1 Bc5+ 25. Bxc5 Nxc5 26. Rd6 g6 27. h4 b4 28. Rb6 Nb3 29. Rxc8+ Rxc8 30. Rxa6 Rc2 31. Bb5 Rxb2 32. Ra8+ Kg7 33. a6 Nd4 34. Bc4 Rc2 35. a7 Rxc4 36. Rg8+ Kxg8 37. a8Q+ Kg7 38. Qd5 Rc1+ 39. Kh2 Ne6 1/2-1/2

[Event "Wch U12"]
[Site "Kemer"]
[Date "2009.11.16"]
[Round "5"]
[White "Antal, Tibor Kende"]
[Black "Ansell, Alan"]
[Result "1-0"]
[WhiteElo "2084"]
[BlackElo "1990"]
[PlyCount "52"]
[EventDate "2009.11.12"]
[EventType "swiss"]
[EventRounds "11"]
[EventCountry "TUR"]
[SourceTitle "EXT 2010"]
[Source "ChessBase"]
[SourceDate "2010.11.25"]
[SourceVersion "1"]
[SourceVersionDate "2010.11.25"]
[SourceQuality "1"]

1. e4 c6 2. Nf3 d5 3. exd5 cxd5 4. Ne5 Nf6 5. d4 Bf5 6. Qf3 g6 7. g4 Be6 8. Bb5+ Nfd7 9. c4 Qb6 10. Be3 a6 11. Bxd7+ Nxd7 12. cxd5 Nxe5 13. dxe5 Qb4+ 14. Nd2 Qxg4 15. Qg3 Bf5 16. 0-0 Bg7 17. Rac1 Qb4 18. Nc4 Qb5 19. a4 Qb3 20. d6 Rc8 21. Qf4 0-0 22. dxe7 Rfe8 23. Nd6 Rxc1 24. Rxc1 Rxe7 25. Nxf5 Re8 26. Nxg7 Rd8 1-0

[Event "Queenstown op"]
[Site "Queenstown"]
[Date "2009.01.17"]
[Round "3"]
[White "Mortensen, Henrik"]
[Black "Ansell, Alan"]
[Result "0-1"]
[WhiteElo "2022"]
[BlackElo "1300"]
[PlyCount "74"]
[EventDate "2009.01.15"]
[EventType "swiss"]
[EventRounds "10"]
[EventCountry "NZL"]
[SourceTitle "CBM 128 Extra"]
[Source "ChessBase"]
[SourceDate "2009.03.05"]
[SourceVersion "2"]
[SourceVersionDate "2009.03.25"]
[SourceQuality "1"]

1. e4 c6 2. d4 d5 3. Nc3 dxe4 4. Nxe4 Bf5 5. Nc3 Nf6 6. Bc4 e6 7. Nf3 Bd6 8. Bg5 Nbd7 9. Qe2 0-0 10. Ne5 Qb6 11. 0-0-0 Qc7 12. Nxd7 Nxd7 13. Kb1 b5 14. Bd3 b4 15. Ne4 a5 16. Nxd6 Bxd3 17. Rxd3 Qxd6 18. Qh5 Qd5 19. Rh3 h6 20. Be7 Qxg2 21. Rd1 Rfe8 22. Rg3 Qxf2 23. Rdg1 Qxg1+ 24. Rxg1 Rxe7 25. Qh4 f6 26. Qxh6 Rf8 27. Qd2 e5 28. c4 Nb6 29. c5 Nd5 30. dxe5 fxe5 31. Rg6 Rf1+ 32. Kc2 Ref7 33. Qg5 a4 34. Rd6 R7f2+ 35. Kd3 Rd1+ 36. Ke4 Re1+ 37. Kd3 Nf4+ 0-1